Sutera kasih (Record no. 73978)

MARC details
000 -LEADER
fixed length control field 00705nam a2200265 i 4500
001 - CONTROL NUMBER
control field C2-0263922
003 - CONTROL NUMBER IDENTIFIER
control field PPAK
005 - DATE AND TIME OF LATEST TRANSACTION
control field 20231213161529.0
008 - FIXED-LENGTH DATA ELEMENTS--GENERAL INFORMATION
fixed length control field 050403s2005 my |||| ||||| | may d
020 ## - INTERNATIONAL STANDARD BOOK NUMBER
International Standard Book Number 9676117242
040 ## - CATALOGING SOURCE
Original cataloging agency PPAK
Language of cataloging eng
Transcribing agency PPAK
Description conventions rda
082 04 - DEWEY DECIMAL CLASSIFICATION NUMBER
Classification number 899.233
Edition number 23
090 00 - LOCALLY ASSIGNED LC-TYPE CALL NUMBER (OCLC); LOCAL CALL NUMBER (RLIN)
Classification number (OCLC) (R) ; Classification number, CALL (RLIN) (NR) 899.233
Feature heading NUR
Feature heading G
100 0# - MAIN ENTRY--PERSONAL NAME
Personal name Nur Hazma,
Relator term author
245 10 - TITLE STATEMENT
Title Sutera kasih
264 #1 - PRODUCTION, PUBLICATION, DISTRIBUTION, MANUFACTURE, AND COPYRIGHT NOTICE
Place of production, publication, distribution, manufacture Kuala Lumpur :
Name of producer, publisher, distributor, manufacturer Utusan Publications ,
Date of production, publication, distribution, manufacture, or copyright notice 2005
300 ## - PHYSICAL DESCRIPTION
Extent 813 pages ;
Dimensions 19 cm
336 ## - CONTENT TYPE
Source rdacontent
Content type term text
337 ## - MEDIA TYPE
Source rdamedia
Media type term unmediated
338 ## - CARRIER TYPE
Source rdacarrier
Carrier type term volume
500 ## - GENERAL NOTE
General note 321
650 10 - SUBJECT ADDED ENTRY--TOPICAL TERM
Topical term or geographic name entry element Malay fiction
942 ## - ADDED ENTRY ELEMENTS (KOHA)
Suppress in OPAC Yes
Koha item type Book
Source of classification or shelving scheme Dewey Decimal Classification
Suppress in OPAC Yes
Holdings
Withdrawn Not for loan Current library Shelving location Date acquired Full call number Barcode Date last seen Koha item type Total Checkouts
    Perpustakaan Awam Sungai Petani Pinjaman Dewasa 08/06/2005 899.233 NUR A01086068 09/05/2018 Book  
    Perpustakaan Baling Pinjaman Dewasa 08/06/2005 899.233 NUR A01086071 09/05/2018 Book  
    Perpustakaan Kuala Nerang Pinjaman Dewasa 08/06/2005 899.233 NUR A01086076 09/05/2018 Book  
    Perpustakaan Langkawi Pinjaman Dewasa 08/06/2005 899.233 NUR A01086072 09/05/2018 Book  
    Bergerak 1, Alor Setar Pinjaman Dewasa 08/06/2005 899.233 NUR A01086084 09/05/2018 Book  
    Bergerak 1, Alor Setar Pinjaman Dewasa 08/06/2005 899.233 NUR A01086085 09/05/2018 Book  
    Bergerak 3, Baling Pinjaman Dewasa 08/06/2005 899.233 NUR A01086088 09/05/2018 Book  
    Bergerak 4, Sungai Petani Pinjaman Dewasa 08/06/2005 899.233 NUR A01086091 09/05/2018 Book  
    Bergerak 5, Kulim Pinjaman Dewasa 08/06/2005 899.233 NUR A01086092 09/05/2018 Book  
    PD07, Kg. Jelutong, Sik Pinjaman Dewasa 08/06/2005 899.233 NUR A01086094 09/05/2018 Book  
    PD11, Felda Teloi Kanan, Kuala Ketil Pinjaman Dewasa 08/06/2005 899.233 NUR A01086095 09/05/2018 Book  
    PD12, Kg. Padang, Baling Pinjaman Dewasa 08/06/2005 899.233 NUR A01086096 09/05/2018 Book  
    PD20, Felda Lubuk Merbau, Pendang Pinjaman Dewasa 08/06/2005 899.233 NUR A01086098 09/05/2018 Book  
    PD35, Kg. Sungai Daun, Yan Pinjaman Dewasa 08/06/2005 899.233 NUR A01086078 09/05/2018 Book  
    PD36, Kg. Kuala Lanjut, Kota Star Pinjaman Dewasa 08/06/2005 899.233 NUR A01086079 09/05/2018 Book  
    PD37, Kg. Belat, Pendang Pinjaman Dewasa 08/06/2005 899.233 NUR A01086080 09/05/2018 Book